Normal view
MARC view
- Pozas, Ricardo,
Entry Nombre Personal
001 - NUMERO DE CONTROL
- campo de control: 29875
003 - IDENTIFICADOR DE NUMERO DE CONTROL
- campo de control: UPN
005 - FECHA Y HORA DE LA ÜLTIMA TRANSACCIÓN
- campo de control: 20240226154918.0
008 - DATOS DE LONGITUD FIJA
- campo de control de longitud fija: 240226na|acbnnabbn n aaa |d
035 ## - NUMERO DE CONTROL
- Número de control: UPN11000001981
040 ## - FUENTE DE CATALOGACIÓN
- Lenguaje de catalogación: spa
- Agencia de transcripción: MX-MxUPN
- Agencia original de catalogación: MX-MxUPN
100 1# - ENCABEZAMIENTO - NOMBRE PERSONAL
- Nombre personal: Pozas, Ricardo,
- Fechas asociadas con el nombre: 1912-1994
370 ## - LUGAR ASOCIADO
- Place of birth: Amealco, Querétaro
- Place of death: Ciudad de México
373 ## - GRUPO ASOCIADO
- Fuente del término: $naf
- Associated group: Escuela Nacional de Antropología e Historia (México)
- Associated group: Instituto Nacional Indigenista (Mexico)
- Associated group: Museo Nacional de Antropología (Mexico)
373 ## - GRUPO ASOCIADO
- Associated group: Centro Coordinador Indigenista
- Associated group: Instituto de Alfabetización para Maestros Indígenas Monolingüe
374 ## - OCUPACIÓN
- Occupation: Antropólogo
- Occupation: Investigador
400 ## - VEÁSE - NOMBRE DE PERSONA
- Personal name: Pozas Arciniega, Ricardo (encabezamiento anterior)
670 ## - FUENTE EN LA QUE SE LOCALIZARON DATOS
- Cita de la fuente: Diccionario Porrúa de historia, biografía y geografía de México
- Información localizada: Juan Pérez Jolote
670 ## - FUENTE EN LA QUE SE LOCALIZARON DATOS
- Cita de la fuente: LC, 26 de febrero de 2024:
- Información localizada: (Pozas, Ricardo)
- Uniform Resource Identifier: https://lccn.loc.gov/n87121083
670 ## - FUENTE EN LA QUE SE LOCALIZARON DATOS
- Cita de la fuente: Chamula: un pueblo indio de los altos de Chiapas, 2012 :
- Información localizada: solapa frontal (Ricardo Pozas Arciniega (1912-1994). Distinguido antropólogo e investigador nacido en 1912 en Amealco, Querétaro, Realizo sus estudios profesionales en la Escuela Nacional de Antropología e Historia (ENAH) y fue investigador del Instituto Nacional Indigenista (INI). Trabajo en el Museo Nacional de Antropología y en el Instituto de Alfabetización para Maestros Indígenas Monolingüe. En 1953 fue director del primer Centro Coordinador Indigenista (CCI) en San Cristobal de las Casas, Chiapas y del CCI de Papaloapan, Oaxaca (1954-1956). Falleció en la ciudad de México en 1994)
902 ## - CATALOGADOR
- Catalogador: DAA/170908
- Catalogador: MaríaRobles/260224
